000 01886ncm0a2200373 4500
001 RU\NLR\ONIZ\216828
005 20250626062356.0
010 _z5-89608-011-3
021 _aRU
_b01-218
_901-9
035 _a(NLR Aleph) 011414345
090 _a11575174
_c11575174
100 _a20161207d2005 |||y0rusy50 ca
101 0 _arus
102 _aRU
125 _azy
200 1 _aПесни из кинофильмов
_bНоты
_eпопул. песни в перелож. для фп. и гитары с голосом
_eучеб. пособие
_fсост. В. М. Катанский
210 _aМосква
_cКатанский В.
_d2005
215 _a32 с.
_cцв. ил.
_d30 см
327 1 _aБриллиантовая рука; Москва слезам не верит; Весна на Заречной улице; Кубанские казаки; Земля Санникова; Белое солнце пустыни; Жестокий романс; Мировой парень; Тени исчезают в полдень; Никколо Паганини; Звезда пленительного счастья; Без вести пропавший
606 1 _aМузыка из кинофильмов
_yРоссия
_z20-21 век
_jНоты
_2nlr_sh
686 _aЩ943.4-42-097.7(2Р)я43
_vLBC/SL
_2rubbk
686 _aЩ943.4-64-097.7(2Р)я43
_vLBC/SL
_2rubbk
686 _aЩ977(2Р)я43
_vLBC/SL
_2rubbk
700 1 _9z01790
_aКатанский
_bВ. М.
_gВладимир Михайлович
_4220
790 1 _9z01700
_aKatanskiy
_bV. M.
_gVladimir Mihailovich
_4220
_7ba
801 0 _aRU
_bNLR
_c20161207
_gPSBO
801 1 _aRU
_bNLR
_c20161207
_2rusmarc
801 2 _aRU
_bNLR
_c20190630
852 _aNLR
_bМ
_jК-3/25044
_pМОЭ 2001-9/218
_t1
852 _aNLR
_bМ
_jК-3/25044а
_pМОЭ 2001-9/218а
_t2
942 _cSCORE
980 _aNB
980 _aONIZ